| 000 | 00862nam a2200277Ia 4500 | ||
|---|---|---|---|
| 003 | GCL | ||
| 008 | 140319s9999 xx 000 0 ara d | ||
| 040 |
_aGCL / _cGCL |
||
| 082 | 0 | 4 |
_a550 _bف ف |
| 100 | 1 | _aمحمد جمال الدين الفندى | |
| 245 | 1 | 0 |
_aمن روائع الاعجاز فى القران الكريم (هدية من محمد جمال الدين الفندى) / _cمحمد جمال الدين الفندى |
| 300 | _a111 ص | ||
| 490 | _a | ||
| 650 | 0 | 4 | _aالفضاء |
| 650 | 0 | 4 | _aالاسلام والعلم |
| 650 | 0 | 4 | _aالنجوم |
| 650 | 0 | 4 | _aالارض |
| 650 | 0 | 4 | _aالكون |
| 650 | 0 | 4 | _aالقران والعلم |
| 650 | 0 | 4 | _aالمذنبات |
| 650 | 0 | 4 | _aالمجموعة الشمسية |
| 650 | 0 | 4 | _aالقمر |
| 650 | 0 | 4 | _aالمجرات |
| 650 | 0 | 4 | _aالقران - اعجاز |
| 942 |
_2ddc _cBK |
||
| 999 |
_c46645 _d46645 |
||